Analýza poistenia zodpovednosti za škodu spôsobenú tretím osobám bakalárska práca

Salvato in:
Dettagli Bibliografici
Autore principale: Holúbeková, Alexandra
Ente Autore: Národohospodárska fakulta EU. Katedra ekonómie
Altri autori: Snopková, Andrea, 1987-
Natura: Libro
Lingua:slovacco
Pubblicazione: Bratislava 2021
Tags: Aggiungi Tag
Nessun Tag, puoi essere il primo ad aggiungerne!!

MARC

LEADER 00000nbm a2200000 4500
001 0275287
005 20220121143742.3
041 0 |a slo 
044 |a SK 
245 1 0 |a Analýza poistenia zodpovednosti za škodu spôsobenú tretím osobám  |b bakalárska práca  |c Alexandra Holúbeková ; školiteľ: Andrea Snopková 
264 1 |a Bratislava  |c 2021 
300 |a 52 s. 
100 1 |a Holúbeková, Alexandra 
700 1 |a Snopková, Andrea, 1987- 
710 2 |a Národohospodárska fakulta EU. Katedra ekonómie